Responses for Show #8135 - Friday, January 10, 2020

Contestants

[<< previous game]

Jack McGuire, a travel and tourism consultant from San Antonio, Texas

Alek Van Houghton, an environmental consultant from Los Angeles, California

Katie Needle, a retail supervisor from Brooklyn, New York (whose 1-day cash winnings total $36,001)

[next game >>]

Jeopardy! Round responses

SCIENCE AROUND US
WHERE'S THAT CHURCH?
(Alex: You have to give us the present country.)
TOYS
SKATING INTO THE NHL
#
(Alex: Hashtag.)
"F"OUR-LETTER WORDS
    $200 12
smelling salts

Katie
    $200 30
(Katie: What is Palestine?)
(Alex: No.)
[NOTE: Katie's score displayed $4,600 at the end of the round after being ruled incorrect and $4,800 at the beginning of the next round, with no explanation. This clue caused a break in taping for judges' deliberation in which compliance officials were involved. A replacement clue, "Bascilica of Our Lady of Guadalupe", which Jack got correct with the response of "What is Mexico?", was played and recorded, but, due to human error, was not included in the originally aired edit of the show. The show uploaded video of the replacement clue to Facebook on 2020-01-13.]

Israel

Jack
    $200 11
Lego

Alek
    $200 21
(Alek: What's the goalie?)

a defenseman

AlekJack
    $200 6
to be honest

Katie
    $200 1
foil

Alek
    $400 26
the Sun (light)

Alek
    $400 14
(Katie: What is Barcelona? Oh, [*]?)
(Alex: Oh, you got it in in time. Corrected yourself. Good for you.)

Spain

Katie
    $400 13
Nerf

Jack
    $400 22
(Wayne) Gretzky

Jack
    $400 7
#MeToo

Katie
    $400 2
flux

Triple Stumper
    $600 29
a fire extinguisher

Alek
    $600 18
(Jack: What is California? What is [*]?)

the United States

Jack
    $1,000 15
Tonka

Katie
    $600 23
paycheck

Triple Stumper
    $600 8
Emma Watson

Alek
    $600 3
fowl

Katie
    $800 28
aurora

Alek
    $800 19
Turkey

Jack
    $800 16
Cabbage Patch Kids

Jack
    $800 24
St. Louis

Jack
    $800 9
filter

Alek
    $800 4
(Alex: That would be a [*]. Old [*]. I know all about them.)
[Laughter]

a fogy

Triple Stumper
    $1000 27
Richter

Alek
    $1000 20
(Jack: What is Berlin?)

Austria

Jack
Triple Stumper
    $1000 17
Kendama

Triple Stumper
    $1000 25
(Jack: What are penalties?)
[Originally accepted as correct; reversed a clue later.]

penalty minutes

Jack
Triple Stumper
    $1000 10
followfriday

Katie
    $1000 5
fess

Katie

Scores at the first commercial break (after clue 15):

Katie Alek Jack
$4,800 $1,800 $400

Scores at the end of the Jeopardy! Round:

Katie Alek Jack
$4,800 $4,400 $2,200

Double Jeopardy! Round responses

AMERICAN HISTORY
THE IRISHMAN
BOOK MARKS
MUSICAL INSTRUMENTS
NUMERICAL CHARACTERS
BEFORE & AFTER
    $400 15
(Jack: Who is Lincoln?)

Johnson

KatieJack
    $400 23
Guinness

Katie
    $400 24
Twin Peaks

Katie
    $400 28
[The end-of-round signal sounds.]

the tuba

Alek
    $400 25
(Alex: Less than a minute now.)

Dr. Evil

Katie
    $400 9
Trevor Noah Webster

Alek
    $2,000 16
Chicago

Katie
    $800 22
the White House

Jack
    $2,000 20
(Jack: What is The Sun Also Rises?)

The Martian

Jack
    $800 1
a bass

Alek
    $800 8
the Umbrella Academy

Katie
    $800 10
the Great Red Spot of tea

Alek
    $1200 17
William Jennings Bryan

Triple Stumper
    $1200 5
(Gabriel) Byrne

Jack
    $1200 21
The Curious Incident of the Dog in the Night-Time

Triple Stumper
    $1200 2
a harpsichord

Jack
    $1200 14
Agent 99

Triple Stumper
    $1200 11
"I Got You Babe Ruth"

Jack
    $1600 18
(Henry) Clay

Jack
    $1600 6
Sinn Féin

Jack
    $1600 3
(Jack: What's a xylophone?)

glockenspiel

Jack
Triple Stumper
    $1600 26
Millie Bobby Brown

Katie
    $1600 12
the bossa Nova Scotia

Katie
    $2000 19
the Knights of Labor

Triple Stumper
    $2000 7
Fiber

Alek
    $2000 4
(Jack: What's a marimba?)

a guiro

Jack
Triple Stumper
    $2000 27
the Borg

Jack
    $2000 13
William Carlos Williams-Sonoma

Triple Stumper

Scores at the end of the Double Jeopardy! Round:

Katie Alek Jack
$12,400 $8,800 $5,800

[wagering suggestions for these scores]

Final Jeopardy! Round responses

CONSTITUTIONS OF THE WORLD
JackWhat is Iran?
$5,200
AlekWhat is China
$3,000
KatieWhat is Iran?
$5,201
Iran

Final scores:

Katie Alek Jack
$17,601 $5,800 $11,000
2-day champion: $53,602 3rd place: $1,000 2nd place: $2,000

Game dynamics:

Coryat scores:

Katie Alek Jack
$10,800 $8,800 $7,800
16 R
(including 2 DDs),
0 W
13 R,
1 W
15 R,
6 W
(including 1 DD)

Combined Coryat: $27,400

[game clues] [game scores] [suggest correction]

Game tape date: 2019-10-23
The J! Archive is created by fans, for fans. Scraping, republication, monetization, and malicious use prohibited; this site may use cookies and collect identifying information. See terms. The Jeopardy! game show and all elements thereof, including but not limited to copyright and trademark thereto, are the property of Jeopardy Productions, Inc. and are protected under law. This website is not affiliated with, sponsored by, or operated by Jeopardy Productions, Inc. Join the discussion at JBoard.tv.